Satirischer Stil : zur Satire Robert Musils im "Mann ohne Eigenschaften.".

Guardado en:
Detalles Bibliográficos
Autor principal: Arntzen, Helmut
Formato: Libro
Lenguaje:German
Publicado: Bonn : Bouvier, 1970.
Edición:12. Aufl.
Colección:Abhandlungen zur Kunst-, Musik- und Literaturwissenschaft ;
Materias:
LEADER 00848nam a22002171 4500
001 c000348376
003 CARM
005 00000000000000.0
008 851003s1970 gw 1 ger d
019 1 |a 3979466  |5 LACONCORD2021 
035 |a (OCoLC)5862539  |5 LACONCORD2021 
100 1 |a Arntzen, Helmut. 
245 1 0 |a Satirischer Stil :  |b zur Satire Robert Musils im "Mann ohne Eigenschaften.". 
250 |a 12. Aufl. 
260 |a Bonn :  |b Bouvier,  |c 1970. 
490 0 |a Abhandlungen zur Kunst-, Musik- und Literaturwissenschaft ; 
600 1 0 |a Musil, Robert,  |d 1880-1942.  |t Mann ohne Eigenschaften. 
852 8 |b CARM  |h A1:AL22C0  |i C10476  |p 0450461  |f BK 
082 0 4 |a 833.9 
999 f f |i 642bd3f3-6771-556c-80d6-c909f0c7eeb0  |s b6821b57-a2c5-527a-a1cf-8b87143471ed 
952 f f |p Can circulate  |a CAVAL  |b CAVAL  |c CAVAL  |d CARM 1 Store  |e C10476  |f A1:AL22C0  |h Other scheme  |i book  |m 0450461